书目信息 |
| 题名: |
设计透视学
|
|
| 作者: | 薛青 , 范文龙 主编 | |
| 分册: | ||
| 出版信息: | 北京 北京大学出版社 2014.09 |
|
| 页数: | 194页 | |
| 开本: | 26cm | |
| 丛书名: | 21世纪全国高等院校艺术设计系列实用规划教材 | |
| 单 册: | ||
| 中图分类: | J062 | |
| 科图分类: | ||
| 主题词: | 透视学--tou shi xue--高等学校--教材 | |
| 电子资源: | ||
| ISBN: | 978-7-301-24618-4 | |
| 000 | 01100nam 2200289 450 | |
| 001 | CAL 0020141013427 | |
| 005 | 20150806165115.45 | |
| 010 | @a978-7-301-24618-4@dCNY29.00 | |
| 100 | @a20141107d2014 em y0chiy50 ea | |
| 101 | 0 | @achi |
| 102 | @aCN@b110000 | |
| 105 | @aa a 000yy | |
| 106 | @ar | |
| 200 | 1 | @a设计透视学@Ashe ji tou shi xue@f主编薛青, 范文龙 |
| 210 | @a北京@c北京大学出版社@d2014.09 | |
| 215 | @a194页@c图@d26cm | |
| 225 | 2 | @a21世纪全国高等院校艺术设计系列实用规划教材@A21 shi ji quan guo gao deng yuan xiao yi shu she ji xi lie shi yong gui hua jiao cai |
| 320 | @a有书目 | |
| 330 | @a本书分为十个章节, 即透视概念、透视的基本知识、基本几何元素的透视、平行透视及其画法、成角透视及其画法、斜面透视及其画法、倾斜画面的透视及其画法、透视阴影、虚影透视、透视与设计。 | |
| 410 | 0 | @12001 @a21世纪全国高等院校艺术设计系列实用规划教材 |
| 586 | @a | |
| 606 | 0 | @a透视学@Atou shi xue@x高等学校@j教材 |
| 690 | @aJ062@v5 | |
| 701 | 0 | @a薛青@Axue qing@4主编 |
| 701 | 0 | @a范文龙@Afan wen long@4主编 |
| 801 | 0 | @aCN@c20150820 |
| 905 | @a河南城建学院图书馆@dJ062@eX956@f3 | |
| 设计透视学/主编薛青, 范文龙.-北京:北京大学出版社,2014.09 |
| 194页:图;26cm.-(21世纪全国高等院校艺术设计系列实用规划教材) |
| ISBN 978-7-301-24618-4:CNY29.00 |
| 本书分为十个章节, 即透视概念、透视的基本知识、基本几何元素的透视、平行透视及其画法、成角透视及其画法、斜面透视及其画法、倾斜画面的透视及其画法、透视阴影、虚影透视、透视与设计。 |
| ● |
| 相关链接 |
|
|
|
正题名:设计透视学
索取号:J062/X956
 
预约/预借
| 序号 | 登录号 | 条形码 | 馆藏地/架位号 | 状态 | 备注 |
| 1 | 1162626 | 211626267 | 社科库309/309社科库 64排1列4层/ [索取号:J062/X956] | 在馆 | |
| 2 | 1162627 | 211626276 | 社科库309/309社科库 64排1列4层/ [索取号:J062/X956] | 在馆 | |
| 3 | 1162628 | 211626285 | 社科库309/309社科库 64排1列4层/ [索取号:J062/X956] | 在馆 |